Plan de Desarrollo Regional. Región de Valparaíso
Guardat en:
| Autor corporatiu: | |
|---|---|
| Format: | Llibre |
| Idioma: | espanyol |
| Publicat: |
Valparaíso
El Mercurio de Valparaíso S.A.P
2007
|
| Edició: | 1a. ed |
| Matèries: | |
| Etiquetes: |
Afegir etiqueta
Sense etiquetes, Sigues el primer a etiquetar aquest registre!
|
MARC
| LEADER | 00000nam a2200000 a 4500 | ||
|---|---|---|---|
| 001 | UCI4532 | ||
| 003 | CL-VaPUC | ||
| 005 | 20230908152015.0 | ||
| 008 | 080118e20070900CL |||||||||||||||||spa|d | ||
| 999 | |c 328437 |d 328435 | ||
| 040 | |c Pontificia Universidad Católica de Valparaíso | ||
| 082 | 0 | 4 | |a 338.98324 |b GOB |2 21 |
| 110 | 2 | |a Gobierno Regional de Valparaíso |e author |9 526459 | |
| 245 | 1 | 0 | |a Plan de Desarrollo Regional. Región de Valparaíso |
| 250 | |a 1a. ed | ||
| 260 | |a Valparaíso |b El Mercurio de Valparaíso S.A.P |c 2007 | ||
| 300 | |a 24 p | ||
| 500 | |a Suplemento especial ilustrado que actualiza y ajusta los planteamientos contenidos en la Estrategia Regional de Desarrollo de 2001 | ||
| 583 | |a last modification |c 20121220 08:41:02 |k Rodrigo Vera | ||
| 600 | 0 | 7 | |a Muga Naredo, Alfonso, |d 1944- |9 869109 |
| 600 | 0 | 7 | |a CORREDOR BIOCEANICO |9 526460 |
| 600 | 0 | 7 | |a VALPARAISO HISTORICO |2 CL-VaPUC |9 326504 |
| 650 | 0 | |a Gestión pública |9 388888 | |
| 650 | 0 | |a Administración pública |9 255343 | |
| 650 | 0 | |a Políticas públicas |9 309677 | |
| 650 | 0 | |a Desarrollo económico |9 259599 | |
| 650 | 0 | |a Obras públicas |9 261125 | |
| 650 | 7 | |a DESARROLLO TECNOLOGICO |2 CL-VaPUC |9 259800 | |
| 650 | 0 | |a Protección social |9 256186 | |
| 650 | 0 | |a Desarrollo regional |9 354599 | |
| 650 | 0 | |a Ordenamiento territorial |9 469387 | |
| 650 | 7 | |a PLAN REGULADOR |2 CL-VaPUC |9 410762 | |
| 650 | 0 | |a Turismo |9 308920 | |
| 650 | 0 | |a Recursos naturales |9 255232 | |
| 650 | 0 | |a Iconografía |9 267998 | |
| 651 | 0 | |a Región 05 |9 267528 | |
| 942 | |c BK |2 ddc | ||
| 945 | |d 20080118 00:00:00 |a fvergara | ||
| 952 | |0 0 |1 0 |4 0 |6 338_983240000000000_GOB_2007 |7 0 |8 X |9 412352 |a FDOBUD |b FDOBUD |d 2019-11-22 |i 1085670 |o 338.98324 GOB 2007 |p 1085670 |r 2019-11-22 |w 2019-11-22 |y BK_X |k BUD | ||